000
00420nam a22001697a 4500
003
MPLRDC
005
20220104123824.0
008
210129b ||||| |||| 00| 0 eng d
082
_a
811.1 JMWW
100
_a
将门文物出版社编辑部
245
_a
学生作文指导
_c
260
_a
_b
将门文物出版社
_c
300
_b
平
490
_a
真善美书系
650
_a
写作法
942
_c
BK
_o
811.1 JMWW
999
_c
14470
_d
14460